| 000 | 00422nam a2200157Ia 4500 | ||
|---|---|---|---|
| 003 | IQ-KOUCL | ||
| 041 | _aArabic | ||
| 082 | _a340.346 cut 947 ب | ||
| 100 | _a20260118u\\\\\\\\\\\y0engy0103\\\\ba | ||
| 100 | _aوائل انور بندق | ||
| 245 | 0 | _aموسوعة التحكيم | |
| 250 | _aط1 | ||
| 260 |
_bمكتبة الوفاء القانونية _aالاسكندرية _c2019 |
||
| 300 | _a611 | ||
| 942 | _cBk | ||
| 999 |
_c185918 _d185918 |
||